Представление документа в формате MARC21

Поле Инд. ПП Название Значение
Тип записи a
Библиографический уровень m
001 Контрольный номер DU/530642479
005 Дата корректировки 20200923160734.4
008 Кодируемые данные 20161024
022 0_ a ISSN 2078-1040
041 a Код языка текста rus
084 a Индекс другой классификации/Индекс ББК 20.1
090 a Полочн. индекс 95.2+20.1
099 a Индекс 36830
245 10 a Заглавие Твердые бытовые отходы
b Продолж. заглавия научно-практический журнал
n Номер части/ раздела №10/2016
c Ответственность учредитель: ЗАО "Отраслевые ведомости"; гл. ред. О. Шевелева
246 00 a Другая форма заглавия ТБО
260 c Дата издания 2016
b Издательство Концепция связи XXI век
a Место издания М.
300 a Объем 64 с.
500 a Примечание Журнал
505 a Форматированное содержание Проблемы управления ТКО у условиях Крайнего Севера
b Автор Карелин А. О.
b Автор Агаханянц П. Ф.
b Автор Ломтев А. Ю.
b Автор Еремин Г. Б.
505 0_ a Форматированное содержание Не сжигать. Не выбрасывать. Перерабатывать
505 0_ a Форматированное содержание Без высококлассного оборудования не обойтись
b Автор Бахров А. В.
n Доп. информация Интервью с директором по развитию компании "Сервипресс" А.В. Бахровым
505 0_ a Форматированное содержание Новая технология переработки шин
b Автор Марголин Е. М.
b Автор Гердт Э.
505 0_ a Форматированное содержание Ясная и четкая сортировка
b Автор Дорнауэр Р.
b Автор Ромейков И. В.
505 0_ a Форматированное содержание Благими намерениями вымощена дорога на свалку
b Автор Рэтклифф Д.
505 0_ a Форматированное содержание Тупик для мусоровоза
505 0_ a Форматированное содержание Антикризисные мусоровозы
b Автор Мальцев О. Н.
505 0_ a Форматированное содержание Такие разные контейнеры
b Автор Николаев И. П.
505 0_ a Форматированное содержание Поговорим о мусоровозах
b Автор Протасов Н. И.
n Доп. информация Окончание. Начало в №7-9/2016
505 0_ a Форматированное содержание Электронные отходы в СНГ сегодня и завтра
b Автор Комиссаров В. А.
b Автор Санакова Т. Ю.
505 0_ a Форматированное содержание Ответственность за нарушение законодательства Евросоюза в сфере обращения с ТКО
b Автор Брославский Л. И.
505 0_ a Форматированное содержание Управление отходами городского хозяйства
b Автор Бутусов М. М.
505 0_ a Форматированное содержание Энергосбережение или геоэкологическая опасность
b Автор Рыжакова М. Г.
n Доп. информация Окончание. Начало в №9/2016
505 0_ a Форматированное содержание Обнаружение посторонних предметов при сборе отходов
505 0_ a Форматированное содержание Удаление отходов в свете проблемы беженцев
505 0_ a Форматированное содержание Управление отходами на острове Майорка
b Автор Бирн Т.
505 0_ a Форматированное содержание Администрация неподсудна?
b Автор Симаков В. П.
505 0_ a Форматированное содержание Горы стаканчиков из-под кофе
505 0_ a Форматированное содержание Новые сценарии развития
n Доп. информация По материалам выставки The Green Technology Expoecomondo
505 0_ a Форматированное содержание Украина ищет пути решения проблемы ТКО
n Доп. информация По материалам выставки технологий и оборудования для сбора и переработки ТКО Waste Management 2016
505 0_ a Форматированное содержание Сервис на опережение
b Автор Дементьева Е. В.
650 14 a Основная рубрика экология
653 1_ a Ключевые слова беженцы
a Ключевые слова геоэкологическая опасность
a Ключевые слова гермакнская Общенациональная негосударственная организация
a Ключевые слова Германия
a Ключевые слова Европейский союз (ЕС)
a Ключевые слова законодательство
a Ключевые слова Крайний Север
a Ключевые слова Майорка (остров)
a Ключевые слова мусоровозы
a Ключевые слова мусоросборные контейнеры
a Ключевые слова Об отходах производства и потребления (закон)
a Ключевые слова обоснование
a Ключевые слова обращение с отходами
a Ключевые слова отходы электрического и электронного оборудования (ОЭЭО)
a Ключевые слова переработка отходов
a Ключевые слова полигоны ТКО
a Ключевые слова правовые механизмы
a Ключевые слова правоприменительная деятельность
a Ключевые слова размещение отходов
a Ключевые слова ртутьсодержащие отходы
a Ключевые слова сбор отходов
a Ключевые слова Содружество Независимых Государств (СНГ)
a Ключевые слова сортировка
a Ключевые слова сортировка бытовых отходов
a Ключевые слова сортировка мусора
a Ключевые слова твердые бытовые отходы (ТБО)
a Ключевые слова твердые коммунальные отходы (ТКО)
a Ключевые слова управление отходами
a Ключевые слова утилизация отходов
a Ключевые слова шины
a Ключевые слова экологический надзор
a Ключевые слова энергосбережение
700 a Автор Мальцева О. Н.
e Роль лиц автор подготовки материала
700 1_ a Автор Шевелева О. В.
e Роль лиц Интервьюер
700 1_ a Автор Зуева Т. И.
e Роль лиц автор подготовки материала
700 1_ a Автор Сергеенков А. П.
e Роль лиц переводчик
700 1_ a Автор Крюк Т. И.
e Роль лиц автор подготовки материала
773 08 w Контрольный № источника RU/IS/BASE/496249304
901 t Тип документа s
952 a Тип литературы для КСУ ВШ НЖ
991 s 6